000 00960nam a22003137a 4500
001 BR2014007406
003 BR-BrBNA
005 20230928104537.0
007 ta
008 230509b bl.||||| |||| 00| 0 por d
040 _aBR-BrBNA
_bpor
_cBiblioteca Nacional de Agricultura
041 _a(Por)
072 _aL02
_b8134
090 _ 8134 BR2014007406
100 1 _aOrlando, T.M.
110 1 _aUniversidade Federal de Lavras, MG (Brasil)
_0Tese (Mestrado)
245 1 _aNíveis de energia na dieta de fêmeas de tilápia do Nilo (Oreochromis niloticus)em primeiro ciclo reprodutivo
260 3 _aLavras, MG (Brasil):
_c2014.
300 _a47 p.
500 _aSummaries (Eng, Por); Several bibliography
650 _aTILÁPIA NILÓTICA
650 _aOREOCHROMIS NILOTICUS
650 _aFÊMEA
650 _aDIETA
650 _aREPRODUÇÃO ANIMAL
650 _aCOMPOSIÇÃO QUÍMICA
909 _a202309
_bLucia
_c55
_dLucia Elande
942 _cBK
999 _c80495
_d80495